[Event "Druzynowe Mistrzostwa Polski Juniorow - II liga"]
[Site "Sypniewo k. Jastrowia"]
[Date "2023-06-19"]
[Round "6.37"]
[White "Ciupka, Kamil"]
[Black "Stanislawski, Karol"]
[Result "1/2-1/2"]
[WhiteTitle "II"]
[BlackTitle "I"]
[WhiteElo "1619"]
[BlackElo "1758"]

1. d4 2. Nf6 3. c4 4. g6 5. Nc3 6. Bg7 7. e4 8. d6 9. g3 O-O 10. Bg2 11. e5 12.
Nge2 13. Nc6 14. d5 15. Nb8 16. h3 17. a5 18. O-O 19. Ne8 20. Kh2 21. f5 22. f4
23. Na6 24. Be3 25. Qe7 26. Qc2 27. Nf6 28. Rae1 29. Kh8 30. fxe5 31. dxe5 32.
Qd2 33. Nc5 34. Bxc5 35. Qxc5 36. b3 37. Bd7 38. Nc1 39. Rae8 40. Re2 41. Qd4
42. Qc2 43. f4 44. Rd2 45. fxg3+ 46. Kh1 47. Qb6 48. N3e2 49. Nh5 50. Nd3 51.
Rxf1+ 52. Bxf1 53. Rf8 54. Bg2 55. Qe3 56. Ng1 57. Nf4 58. Nxf4 59. exf4 60. Re2
61. Qc3 62. Qxc3 63. Bxc3 64. Nf3 65. h6 66. Nh4 67. Kh7 68. e5 69. g5 70. e6
71. Bxe6 72. Rxe6 73. gxh4 74. Bf3 75. Rf7 76. Kg2 77. Kg7 78. Be4 79. Bf6 80.
Kf3 81. Re7 82. Rxe7+ 83. Bxe7 84. Kxf4 85. Kf6 86. Bf3 87. Bd6+ 88. Ke4 89. c6
90. dxc6 91. bxc6 92. Bg2 93. Ke6 94. Kd4 95. Kd7 96. Bf3 97. Kc7 98. c5 99. Be7
100. a3 101. Bf6+ 102. Kc4 103. Bb2 104. a4 105. Ba3 1/2-1/2

[Event "Druzynowe Mistrzostwa Polski Juniorow - II liga"]
[Site "Sypniewo k. Jastrowia"]
[Date "2023-06-19"]
[Round "6.38"]
[White "Gorecki, Michal"]
[Black "Bochenek, Piotr"]
[Result "1-0"]
[WhiteTitle "II+"]
[BlackTitle "II"]
[WhiteElo "1509"]
[BlackElo "1294"]

1. e4 2. c5 3. Nf3 4. Nc6 5. Bb5 6. e5 7. O-O 8. Bd6 9. c3 10. Nge7 11. d3 12.
a6 13. Ba4 14. Ng6 15. Be3 16. O-O 17. Nbd2 18. b5 19. Bc2 20. Be7 21. Re1 22.
d5 23. Nf1 24. d4 25. cxd4 26. Nxd4 27. Bxd4 28. cxd4 29. Bb3 30. Nf4 31. a3 32.
Bg4 33. h3 34. Bxf3 35. Qxf3 36. a5 37. Ng3 38. Ra6 39. Nh5 40. Ng6 41. Rac1 42.
Nh4 43. Qe2 44. Kh8 45. Ng3 46. Rg6 47. Kh2 48. Bg5 49. Rc5 50. Bf4 51. Rg1 52.
Qb6 53. Rc2 54. Qd6 55. Bd5 56. Qe7 57. Qe1 58. b4 59. axb4 60. axb4 61. Rc4 62.
Rb8 63. Kh1 64. Rh6 65. Kh2 66. g5 67. Qd1 68. Qd7 69. Rh1 70. g4 71. Kg1 72.
gxh3 73. Rxh3 74. Rg8 75. Rxb4 76. Qd6 77. Rb7 78. Rg7 79. Rxf7 80. Rxf7 81. Bxf7
82. Qb6 83. Qg4 84. Ng6 85. Qc8+ 86. Kg7 87. Nf5+ 88. Kxf7 89. Qd7+ 90. Kf8 91.
Nxh6 92. Ne7 93. Nf5 94. Ng8 1-0

[Event "Druzynowe Mistrzostwa Polski Juniorow - II liga"]
[Site "Sypniewo k. Jastrowia"]
[Date "2023-06-19"]
[Round "6.39"]
[White "Smolinski, Wojciech"]
[Black "Szeszycki, Jan"]
[Result "1-0"]
[WhiteTitle "II"]
[BlackTitle "II"]
[WhiteElo "1472"]
[BlackElo "1218"]

1. e4 2. c5 3. d4 4. cxd4 5. c3 6. dxc3 7. Nxc3 8. e6 9. Nf3 10. Nc6 11. Bc4 12.
Bb4 13. O-O 14. Nge7 15. Bg5 16. O-O 17. Qe2 18. h6 19. Bh4 20. Qa5 21. Rac1 22.
d5 23. exd5 24. Nxd5 25. Nb5 26. a6 27. Nbd4 28. Nxd4 29. Nxd4 30. Be7 31. Bg3
32. Bg5 33. Rfd1 34. Nb4 35. Rc3 36. b5 37. Bxb5 38. Nd5 39. Ra3 40. Qb6 41. Bc6
42. Ra7 43. Rb3 44. Qd8 45. Bxd5 46. exd5 47. Nc6 48. Qd7 49. Nxa7 50. Qxa7 51.
Rb8 52. Bh4 53. Rc1 54. Bxg3 55. Rbxc8 56. Bd6 57. Rxf8+ 58. Bxf8 59. Qe8 60.
Qb7 61. Rc8 62. Qb4 63. a3 64. Qd6 65. b4 66. a5 67. Rd8 68. Qf6 69. Qxf8+ 70.
Kh7 71. g3 72. axb4 73. axb4 74. Qe6 75. Qe8 76. Qf5 77. Qg8+ 78. Kg6 79. Rd6+
1-0

[Event "Druzynowe Mistrzostwa Polski Juniorow - II liga"]
[Site "Sypniewo k. Jastrowia"]
[Date "2023-06-19"]
[Round "6.41"]
[White "Trybus, Dominika"]
[Black "Oszutowska, Anna"]
[Result "1-0"]
[WhiteTitle "I++"]
[BlackTitle "I"]
[WhiteElo "1555"]
[BlackElo "1369"]

1. e4 2. c5 3. d4 4. cxd4 5. c3 6. dxc3 7. Nxc3 8. e6 9. Nf3 10. Nc6 11. Bc4 12.
Bb4 13. O-O 14. Nge7 15. Bg5 16. f6 17. Bh4 18. Ng6 19. Bg3 20. O-O 21. Qe2 22.
b6 23. Rad1 24. Re8 25. Nb5 26. Nge5 27. a3 28. a6 29. Nbd4 30. Nxf3+ 31. gxf3
32. Nxd4 33. Rxd4 34. Bc5 35. Rd3 36. Kh8 37. Rfd1 38. b5 39. Ba2 40. Qb6 41.
b4 42. Bf8 43. Bf4 44. a5 45. Bd6 46. axb4 47. axb4 48. Qa6 49. Bb1 50. Qa4 51.
Qd2 52. Ra6 53. Bxf8 54. Rxf8 55. Rc1 56. Ra7 57. Rdc3 58. Qa6 59. Qe3 60. Kg8
61. Bd3 62. Ra8 63. Rc7 64. Bb7 65. Rxd7 66. Rfd8 67. Qd4 68. Rxd7 69. Qxd7 70.
Rb8 71. Rc7 72. Qa1+ 73. Kg2 74. f5 75. Rxb7 76. Rf8 77. Qxe6+ 78. Kh8 79. Rf7
80. Rg8 81. Qxf5 82. Qc1 83. e5 84. Qh6 85. e6 86. g6 87. Qf6+ 88. Qg7 89. Rxg7
90. Rxg7 91. e7 92. h6 93. e8=Q+ 94. Kh7 95. Bxg6+ 96. Rxg6+ 97. Qexg6# 1-0

[Event "Druzynowe Mistrzostwa Polski Juniorow - II liga"]
[Site "Sypniewo k. Jastrowia"]
[Date "2023-06-19"]
[Round "6.42"]
[White "Lukasik, Aleksandra"]
[Black "Zylak, Emilia"]
[Result "1-0"]
[WhiteTitle "I"]
[BlackTitle "II"]
[WhiteElo "1252"]
[BlackElo "1061"]

1. e4 2. e5 3. Nf3 4. Nc6 5. Bb5 6. a6 7. Ba4 8. Nf6 9. Qe2 10. b5 11. Bb3 12.
Bc5 13. c3 14. d6 15. O-O 16. Bg4 17. d3 18. h6 19. Nbd2 20. O-O 21. Rd1 22. Bb6
23. Nf1 24. Na5 25. Bc2 26. c5 27. h3 28. Bh5 29. Ng3 30. Bg6 31. d4 32. exd4
33. cxd4 34. Qe7 35. e5 36. Bxc2 37. Qxc2 38. dxe5 39. dxe5 40. Nh7 41. Nf5 42.
Qc7 43. Bf4 44. Rfd8 45. Qe4 46. Qa7 47. Nd6 48. Nf8 49. g4 50. Rab8 51. g5 52.
h5 53. g6 54. Nxg6 55. e6 56. fxe6 57. Qxe6+ 58. Kh7 59. Ng5+ 60. Kh6 1-0

[Event "Druzynowe Mistrzostwa Polski Juniorow - II liga"]
[Site "Sypniewo k. Jastrowia"]
[Date "2023-06-19"]
[Round "6.43"]
[White "Skrzypinski, Jan"]
[Black "Wolak, Maciej"]
[Result "1-0"]
[WhiteTitle "I"]
[BlackTitle "II"]
[WhiteElo "1862"]
[BlackElo "1317"]

1. e4 2. c5 3. b4 4. cxb4 5. a3 6. bxa3 7. d4 8. d5 9. exd5 10. Qxd5 11. Nxa3 12.
Nf6 13. Nb5 14. Qd8 15. Bf4 16. Nd5 17. Qf3 18. e6 19. Bc4 20. Nxf4 21. Qxf4 22.
Na6 23. Rxa6 24. bxa6 25. Nc7+ 26. Ke7 27. Nxa8 28. Bb7 29. Nc7 30. Bxg2 31. Qg5+
32. Kd7 33. Qxg2 34. Qxc7 35. Bd3 36. Bb4+ 37. Ke2 38. g6 39. Nf3 40. Bd6 41.
Ra1 42. a5 43. Qg5 44. Rb8 45. Qxa5 46. Bxh2 47. Qxc7+ 48. Bxc7 49. Rxa7 50. Kc6
51. Ne5+ 52. Bxe5 53. dxe5 54. Rf8 55. Ke3 56. h5 57. Kf4 58. Kd5 59. Be4+ 60.
Kd4 61. Rd7+ 62. Kc5 63. Rc7+ 64. Kb6 65. Rc6+ 66. Kb5 67. Kg5 68. Kb4 69. Rc7
70. Kb5 71. Kf6 72. Rd8 73. Rxf7 74. Rd2 75. Kxe6 1-0

[Event "Druzynowe Mistrzostwa Polski Juniorow - II liga"]
[Site "Sypniewo k. Jastrowia"]
[Date "2023-06-19"]
[Round "6.44"]
[White "Khimichenko, Dmytro"]
[Black "Kaczmarek, Jan"]
[Result "1/2-1/2"]
[WhiteTitle "I"]
[BlackTitle "II+"]
[WhiteElo "1457"]
[BlackElo "1574"]

1. e4 2. g6 3. d4 4. Bg7 5. Nf3 6. c5 7. c3 8. cxd4 9. cxd4 10. d5 11. exd5 12.
Nf6 13. Nc3 14. O-O 15. Bc4 16. b5 17. Nxb5 18. Nxd5 19. O-O 20. Nb6 21. Be2 22.
a6 23. Nc3 24. Nc6 25. Be3 26. Bb7 27. a3 28. Rc8 29. Rc1 30. Na5 31. Qc2 32.
Nd5 33. Rfd1 34. Nc4 35. Bxc4 36. Rxc4 37. Qd3 38. Nxe3 39. fxe3 40. Rc8 41. Qe2
42. Qa5 43. Nb1 44. Qb6 45. Nbd2 46. Qxb2 47. Rb1 48. Bxf3 49. gxf3 50. Qxa3 51.
Ra1 52. Qb2 53. Qxa6 54. Bh6 55. Qe2 56. Rc2 57. Rab1 58. Qc3 59. Kf2 60. Ra8
61. Rb3 62. Qc7 63. f4 64. Raa2 65. Ke1 66. Qa5 67. Rb5 68. Qa8 69. Qf1 70. Qa4
71. Qd3 72. Ra3 73. Rb8+ 74. Kg7 75. Qe4 76. Qc6 77. Qxc6 78. Rxc6 79. Ke2 80.
Rcc3 81. Nf1 82. Ra2+ 1/2-1/2

[Event "Druzynowe Mistrzostwa Polski Juniorow - II liga"]
[Site "Sypniewo k. Jastrowia"]
[Date "2023-06-19"]
[Round "6.45"]
[White "Stachowiak, Bruno"]
[Black "Pekala, Dawid"]
[Result "1/2-1/2"]
[WhiteTitle "II"]
[BlackTitle "I"]
[WhiteElo "1591"]
[BlackElo "1534"]

1. e4 2. c5 3. c4 4. Nc6 5. Ne2 6. e6 7. d4 8. cxd4 9. Nxd4 10. a6 11. Nc3 12.
Qc7 13. Be3 14. Bb4 15. Nxc6 16. dxc6 17. Bd3 18. e5 19. O-O 20. Nf6 21. Na4 22.
Be7 23. Qc2 24. c5 25. Nc3 26. O-O 27. h3 28. Be6 29. Rad1 30. Nh5 31. Nd5 32.
Bxd5 33. exd5 34. g6 35. Be2 36. Nf4 37. Bf3 38. Rad8 39. Rfe1 40. Rfe8 41. Bxf4
42. exf4 43. Re4 44. Bd6 45. Rde1 46. Re5 47. Rxe5 48. Bxe5 49. a3 50. f6 51.
b4 52. a5 53. Rb1 54. b6 55. bxa5 56. bxa5 57. Qa4 58. Bc3 59. Qb5 60. Be5 61.
Qa6 62. Rd6 63. Qb7 64. Qxb7 65. Rxb7 66. Ra6 67. a4 68. Bd6 69. h4 70. h5 71.
Kh2 72. Kf8 73. Kh3 74. f5 1/2-1/2

[Event "Druzynowe Mistrzostwa Polski Juniorow - II liga"]
[Site "Sypniewo k. Jastrowia"]
[Date "2023-06-19"]
[Round "6.46"]
[White "Wolak, Jan"]
[Black "Soroczynski, Mateusz"]
[Result "1-0"]
[WhiteTitle "II"]
[BlackTitle "II"]
[WhiteElo "1394"]
[BlackElo "1002"]

1. e4 2. c5 3. Nf3 4. Nc6 5. d4 6. cxd4 7. Nxd4 8. g6 9. c4 10. Nf6 11. Nc3 12.
d6 13. Be2 14. Nxd4 15. Qxd4 16. Bg7 17. Be3 18. O-O 19. Qd2 20. Be6 21. O-O 22.
Rc8 23. b3 24. a6 25. Bd4 26. Nd7 27. Bxg7 28. Kxg7 29. Bd3 30. Nc5 31. Rae1 32.
Qa5 33. f4 34. Qb6 35. Kh1 36. Bd7 37. f5 38. Kg8 39. Nd5 40. Qd8 41. Nxe7+ 42.
Qxe7 43. f6 44. Qe5 45. Qh6 46. Ne6 47. h4 48. Qh5 49. Qxh5 gxh5 50. Be2 51. Rc5
52. Rd1 53. Bc6 54. Bf3 55. Rd8 56. g3 57. b5 58. cxb5 59. Bxb5 60. Rf2 61. a5
62. Rfd2 63. Rc3 64. Kg2 65. Rc5 66. Kf2 67. Rd7 68. Kg1 69. a4 70. bxa4 71. Bxa4
72. Rb1 73. Bb5 74. Rdb2 75. Nd4 76. Bd1 77. Rc3 78. a4 79. Ba6 80. Rb6 81. Bc8
82. Kf2 83. d5 84. e5 85. Ra7 86. Rb8 87. Ne6 88. R1b4 89. d4 90. Bf3 91. d3 92.
Bb7 93. d2 94. Ke2 95. Nf8 96. Bxc8 97. Re3+ 98. Kxd2 99. Rxe5 100. Bf5 101. Rxf5
102. Rxf8+ 103. Kxf8 104. Rb8# 1-0

[Event "Druzynowe Mistrzostwa Polski Juniorow - II liga"]
[Site "Sypniewo k. Jastrowia"]
[Date "2023-06-19"]
[Round "6.47"]
[White "Gac-mytych, Sara"]
[Black "Szopa, Emilia"]
[Result "0-1"]
[WhiteTitle "II+"]
[BlackTitle "I++"]
[WhiteElo "1136"]
[BlackElo "1697"]

1. e4 2. c6 3. d4 4. d5 5. f3 6. dxe4 7. fxe4 8. e5 9. Nf3 10. exd4 11. Qxd4 12.
Qxd4 13. Nxd4 14. Nf6 15. e5 16. Ng4 17. Nf3 18. Bc5 19. Bc4 20. O-O 21. Bf4 22.
Nd7 23. Kd2 24. Rd8 25. Kc1 26. Ndxe5 27. Nxe5 Nxe5 28. Nd2 29. Nxc4 30. Nxc4
31. Rd4 32. Be3 33. Rxc4 34. Bxc5 35. Rxc5 36. Re1 37. Be6 38. b3 39. Rd8 40.
Kb2 41. Rd2 42. Rac1 43. g6 44. Rg1 45. Bf5 46. b4 47. Rcxc2+ 48. Rxc2 49. Rxc2+
50. Kb3 51. Rf2 52. a3 53. Be6+ 54. Ka4 55. Ra2 56. b5 57. c5 58. h3 59. b6 60.
g4 61. Rd2 62. Re1 63. Rd4# 0-1

[Event "Druzynowe Mistrzostwa Polski Juniorow - II liga"]
[Site "Sypniewo k. Jastrowia"]
[Date "2023-06-19"]
[Round "6.48"]
[White "Pajak, Patrycja"]
[Black "Kubacka, Patrycja"]
[Result "1-0"]
[WhiteTitle "I"]
[BlackTitle "II"]
[WhiteElo "1268"]
[BlackElo "1069"]

1. e4 2. e5 3. Bc4 4. Nf6 5. d3 6. Bc5 7. Nf3 8. Nc6 9. O-O 10. O-O 11. Nbd2 12.
d6 13. c3 14. Bg4 15. h3 16. Bh5 17. Re1 18. a6 19. Bb3 20. Qd7 21. Nf1 22. d5
23. exd5 24. Nxd5 25. Ng3 26. Bg6 27. Nxe5 28. Qd6 29. Nc4 30. Qxg3 31. d4 32.
Qh4 33. dxc5 34. Rad8 35. Qf3 36. Qh5 37. Qxh5 38. Bxh5 39. Bg5 40. Rde8 41. Ne3
42. Nxe3 43. Bxe3 44. Ne5 45. Bd1 46. Bg6 47. Be2 48. Kh8 49. Rad1 50. Re6 51.
Rd2 52. Rfe8 53. Red1 54. f5 55. Bf4 56. h6 57. b4 58. Kh7 59. Kf1 60. R8e7 61.
Bxe5 62. Rxe5 63. c6 64. b5 65. a4 66. bxa4 67. Bxa6 68. Bf7 69. f3 70. Re3 71.
Rc1 72. a3 73. Bd3 74. a2 75. Re2 76. Kg8 77. Kf2 78. Rxe2+ 79. Bxe2 80. Re6 81.
b5 82. Re5 83. Ra1 84. Rc5 85. c4 86. Bxc4 87. Bxc4+ 88. Rxc4 89. Rxa2 90. Rc5
91. Rb2 92. Kf7 93. Ke3 94. Ke6 95. g4 96. fxg4 97. hxg4 98. g5 99. Kd4 100. Rd5+
101. Kc4 102. Kd6 103. Rh2 104. Rc5+ 105. Kb4 106. Re5 107. Rxh6+ 108. Re6 109.
Rxe6+ 110. Kxe6 111. Kc5 112. Ke7 113. b6 114. cxb6+ 115. Kxb6 116. Kd8 117. Kb7
118. Ke7 119. c7 120. Kf6 121. c8=Q 122. Ke5 123. Qf5+ 124. Kd4 125. Kc6 126.
Ke3 127. Qxg5+ 128. Kxf3 129. Kd5 130. Kf2 131. Ke4 132. Ke2 133. Qe3+ 134. Kf1
135. Qd2 136. Kg1 137. Kf3 138. Kh1 139. Qg2# 1-0

[Event "Druzynowe Mistrzostwa Polski Juniorow - II liga"]
[Site "Sypniewo k. Jastrowia"]
[Date "2023-06-19"]
[Round "6.49"]
[White "Jendrowiak, Maciej"]
[Black "Pulit, Kacper"]
[Result "1-0"]
[WhiteTitle "I"]
[BlackTitle "II"]
[WhiteElo "1892"]
[BlackElo "1332"]

1. e4 2. c5 3. c3 4. Nf6 5. e5 6. Nd5 7. Nf3 8. d6 9. exd6 10. exd6 11. d4 12.
Nc6 13. c4 14. Ndb4 15. d5 16. Bf5 17. Na3 18. Nb8 19. Be2 20. Be7 21. O-O 22.
Bf6 23. Ne1 24. O-O 25. Nac2 26. N8a6 27. Ne3 28. Bg6 29. a3 30. Qa5 31. Qb3 32.
Nc7 33. Bd2 34. Qa6 35. Bf3 36. Rfe8 37. Rd1 38. Nbxd5 39. Nxd5 40. Nxd5 41. Bxd5
42. Re7 43. Nf3 44. Rae8 45. Rde1 46. b6 47. Rxe7 48. Rxe7 49. Bc3 50. Qc8 51.
Bxf6 52. gxf6 53. Qc3 54. Kg7 55. Re1 1-0

[Event "Druzynowe Mistrzostwa Polski Juniorow - II liga"]
[Site "Sypniewo k. Jastrowia"]
[Date "2023-06-19"]
[Round "6.50"]
[White "Penar, Marcin"]
[Black "Wierzbicki, Dawid"]
[Result "0-1"]
[WhiteTitle "II"]
[BlackTitle "I"]
[WhiteElo "1280"]
[BlackElo "1762"]

1. d4 2. g6 3. e4 4. Bg7 5. Be3 6. d6 7. Nf3 8. Nd7 9. Nc3 10. Ngf6 11. Bd3 12.
O-O 13. Qd2 14. c5 15. d5 16. a6 17. a4 18. Ng4 19. Bf4 20. Nde5 21. Nxe5 22.
Nxe5 23. Bh6 24. Nxd3+ 25. cxd3 26. e5 27. h4 28. f5 29. h5 30. f4 31. Bxg7 32.
Kxg7 33. hxg6 hxg6 34. O-O-O 35. b5 36. Rh2 37. Rh8 38. Rdh1 39. Rxh2 40. Rxh2
41. Bd7 42. Qd1 43. b4 44. Qh1 45. Qg8 46. Nd1 47. Bg4 48. f3 49. Bh5 50. b3 51.
Qd8 52. Nb2 53. Qg5 54. Rh3 55. Kf6 56. Nc4 57. Ke7 58. a5 59. Rh8 60. Kd2 61.
Qh6 62. Qa1 63. Qg5 64. Qh1 65. Qf6 66. Qa1 67. g5 68. Qh1 69. Qg6 70. Qe1 71.
Qh6 72. Kc2 73. Qf6 74. Qh1 75. Qg6 76. Qe1 77. Kd7 78. Qa1 79. g4 80. Qa4+ 81.
Ke7 82. Rh2 83. gxf3 84. gxf3 85. Qg1 86. Rd2 87. Be8 88. Qa2 89. Bb5 90. Qb1
91. Qd4 92. Qb2 93. Bxc4 94. Qxd4 95. Bxb3+ 96. Kxb3 97. exd4 98. Rg2 99. Rh3
100. Rg7+ 101. Ke8 102. Rg8+ 103. Kf7 104. Ra8 105. Rxf3 106. Ra7+ 107. Ke8 108.
Kc4 109. Rf1 110. Rh7 111. f3 0-1

[Event "Druzynowe Mistrzostwa Polski Juniorow - II liga"]
[Site "Sypniewo k. Jastrowia"]
[Date "2023-06-19"]
[Round "6.51"]
[White "Oles, Mateusz"]
[Black "Plywacz, Mateusz"]
[Result "0-1"]
[WhiteTitle "II"]
[BlackTitle "II"]
[WhiteElo "1471"]
[BlackElo "1584"]

1. e4 2. e5 3. Nf3 4. Nc6 5. Bc4 6. Nf6 7. Ng5 8. d5 9. exd5 10. Na5 11. Bb5+ 12.
c6 13. dxc6 bxc6 14. Bd3 15. Nd5 16. Nf3 17. Bd6 18. O-O 19. O-O 20. Re1 21. Re8
22. Nc3 f5 23. Nxd5 24. cxd5 25. Bb5 26. Bd7 27. Bxd7 28. Qxd7 29. d3 30. h6 31.
h4 32. Nc6 33. g3 34. f4 35. Kg2 36. fxg3 37. fxg3 38. Rf8 39. Rf1 40. Rf7 41.
Be3 42. Raf8 43. Qe2 44. Ne7 45. Bd2 46. Nf5 47. Nh2 48. e4 49. Qg4 50. Bxg3 51.
dxe4 52. dxe4 53. Rad1 54. Bxh2 55. Kxh2 56. Qc7+ 57. Bf4 58. Ne3 59. Bxc7 60.
Nxg4+ 61. Kg1 62. Rxc7 63. Rxf8+ 64. Kxf8 65. c3 66. Nf6 67. Kf2 68. Ke7 69. Ke3
70. Ke6 71. Kf4 72. Rd7 73. Rc1 74. Rd2 75. Rb1 76. Rg2 77. a4 78. Rg4+ 79. Ke3
80. Nd5+ 81. Kd4 82. e3+ 83. Kd3 84. Rxa4 85. b4 86. Ra3 87. Rc1 88. Rxc3+ 89.
Rxc3 90. Nxc3 91. Kxc3 92. Kd5 93. Kd3 94. e2 95. Kxe2 96. Kc4 97. h5 98. Kxb4
99. Kd3 100. a5 101. Ke4 102. a4 103. Kf5 104. a3 105. Kg6 106. a2 107. Kxg7 108.
a1=Q+ 109. Kxh6 110. Qh8+ 111. Kg6 112. Kc5 113. h6 114. Kd6 115. Kg5 116. Ke6
117. Kg6 118. Qg8+ 0-1

[Event "Druzynowe Mistrzostwa Polski Juniorow - II liga"]
[Site "Sypniewo k. Jastrowia"]
[Date "2023-06-19"]
[Round "6.53"]
[White "Nieckarz, Maja"]
[Black "Bartoszek, Julia"]
[Result "1-0"]
[WhiteTitle "I++"]
[BlackTitle "I"]
[WhiteElo "1514"]
[BlackElo "1373"]

1. e4 2. e5 3. Nf3 4. Nc6 5. d4 6. exd4 7. Nxd4 8. Nf6 9. Nxc6 10. bxc6 11. e5
12. Qe7 13. Qe2 14. Nd5 15. c4 16. Ba6 17. Nd2 18. Nb4 19. Nf3 20. c5 21. a3 22.
Nc6 23. Qe4 24. Rb8 25. Bd3 26. Na5 27. O-O 28. Bb7 29. Qf5 30. Qe6 31. Qxe6+
32. dxe6 33. Rb1 34. Nb3 35. Be3 36. Bxf3 37. gxf3 38. Nd4 39. Bxd4 40. cxd4 41.
b4 42. Be7 43. Rfd1 44. O-O 45. c5 46. Rfd8 47. f4 48. g5 49. fxg5 50. Bxg5 51.
Re1 52. Kh8 53. Rbd1 54. Rg8 55. Kf1 56. Bf4 57. Re4 58. Bg5 59. h4 60. Be7 61.
Rxd4 62. Rbd8 63. Rf4 64. Rg7 65. Ke2 66. Rd5 67. Re4 68. Rg2 69. Rh1 70. a5 71.
Rh3 72. axb4 73. axb4 74. Rd8 75. Rf4 76. Rg7 77. Rhf3 78. Kg8 79. Bc4 80. Rb8
81. Bb3 82. Rd8 83. Ke3 84. Rb8 85. Kd2 86. Rd8+ 87. Kc3 88. Rb8 89. Kc4 90. Kf8
91. Ba4 92. Kg8 93. Bd7 94. Rd8 95. Bc6 96. Rb8 97. b5 98. Rd8 99. b6 100. cxb6
101. cxb6 102. Rb8 103. b7 104. Bd8 105. Kb5 106. Bc7 107. Re4 108. Kf8 109. Rd3
110. Rg1 111. f4 112. Rb1+ 113. Rb4 114. Rc1 115. Rd7 116. Ba5 117. Kxa5 118.
Rxc6 119. Rb6 120. Ke8 121. Rd4 122. Rc2 123. Rb5 124. Rc6 125. Rd6 126. Rc4 127.
Kb6 128. Rxf4 129. Kc7 130. Rxb7+ 131. Rxb7 132. Kf8 133. Rd8+ 134. Kg7 135. Rbb8
136. Rxh4 137. Rg8+ 138. Kh6 139. Rbf8 140. Rf4 141. Kd6 142. Rd4+ 143. Ke7 144.
Ra4 145. Rxf7 146. Ra7+ 147. Kxe6 148. Ra6+ 149. Kf5 1-0

[Event "Druzynowe Mistrzostwa Polski Juniorow - II liga"]
[Site "Sypniewo k. Jastrowia"]
[Date "2023-06-19"]
[Round "6.55"]
[White "Kordowski, Karol"]
[Black "Garwacki, Kornel"]
[Result "1-0"]
[WhiteTitle "II"]
[BlackTitle "I"]
[WhiteElo "1351"]
[BlackElo "1778"]

1. e4 2. d6 3. d4 4. Nf6 5. Nc3 6. g6 7. Nf3 8. Bg7 9. Be2 10. O-O 11. O-O 12.
a6 13. a4 14. b6 15. Re1 16. Bb7 17. e5 18. dxe5 19. Nxe5 20. Nbd7 21. Bf3 22.
Bxf3 23. Qxf3 24. Nxe5 25. dxe5 26. Nd7 27. Bf4 28. e6 29. Rad1 30. Qe7 31. h4
32. f6 33. Qc6 34. Nxe5 35. Bxe5 36. fxe5 37. Rd7 38. Qxh4 39. Qxe6+ 40. Kh8 41.
Ne4 42. Rac8 43. g3 44. Qh5 45. Qe7 46. Qh6 47. Ng5 48. Bf6 49. Qxh7+ 50. Qxh7
51. Nxh7 52. Kg8 53. Nxf8 54. Kxf8 55. Red1 56. Be7 57. Kg2 58. Bd6 59. Rh1 60.
Ke8 61. Rg7 62. Bf8 63. Rh8 64. c5 65. Rxg6 1-0

[Event "Druzynowe Mistrzostwa Polski Juniorow - II liga"]
[Site "Sypniewo k. Jastrowia"]
[Date "2023-06-19"]
[Round "6.56"]
[White "Nawrocki, Michal"]
[Black "Zimny, Karol"]
[Result "1-0"]
[WhiteTitle "I"]
[BlackTitle "II"]
[WhiteElo "1595"]
[BlackElo "1403"]

1. c4 2. Nf6 3. Nc3 4. e5 5. Nf3 6. Nc6 7. e3 8. d5 9. cxd5 10. Nxd5 11. d4 12.
exd4 13. exd4 14. Bb4 15. Bd2 16. O-O 17. Be2 18. Bf5 19. O-O 20. Re8 21. Rc1
22. Qd6 23. Nxd5 24. Bxd2 25. Qxd2 26. Qxd5 27. Rc5 28. Qd7 29. Bb5 30. f6 31.
d5 32. Qd6 33. Qc3 34. a6 35. dxc6 36. axb5 37. cxb7 38. Rxa2 39. Rxf5 40. Ra7
41. Rxb5 42. Rb8 43. Re1 1-0

[Event "Druzynowe Mistrzostwa Polski Juniorow - II liga"]
[Site "Sypniewo k. Jastrowia"]
[Date "2023-06-19"]
[Round "6.57"]
[White "Kordowski, Lukasz"]
[Black "Nowicki, Franciszek"]
[Result "1-0"]
[WhiteTitle "II"]
[BlackTitle "II"]
[WhiteElo "1184"]
[BlackElo "1289"]

1. e4 2. c5 3. d4 4. cxd4 5. c3 6. dxc3 7. Nxc3 8. e6 9. Nf3 10. Bb4 11. Qb3 12.
Bxc3+ 13. Qxc3 14. Nf6 15. Bg5 16. O-O 17. Bxf6 18. Qxf6 19. e5 20. Qe7 21. Bd3
22. Nc6 23. O-O 24. d5 25. exd6 26. Qxd6 27. a3 28. Bd7 29. Bxh7+ 30. Kxh7 31.
Ng5+ 32. Kg8 33. Qh3 34. Rfd8 35. Qh7+ 36. Kf8 37. Qh5 38. Be8 39. Nh7+ 40. Kg8
41. Ng5 42. Qd3 43. Qg4 44. Qf5 45. Qg3 46. Rd3 47. f3 48. Nd4 49. Rf2 50. Rd8
51. Ne4 52. Bb5 53. h4 54. Nb3 55. Re1 56. Rd1 57. Rxd1 58. Rxd1+ 59. Kh2 60.
Rd5 61. Qb8+ 62. Kh7 63. Ng5+ 64. Kg6 65. Qh8 66. Kf6 67. Qf8 68. Ke5 69. f4+
70. Kd4 71. Qb4+ 72. Bc4 73. Nf3+ 74. Ke3 75. Qe1+ 76. Kd3 77. Qe2# 1-0

[Event "Druzynowe Mistrzostwa Polski Juniorow - II liga"]
[Site "Sypniewo k. Jastrowia"]
[Date "2023-06-19"]
[Round "6.58"]
[White "Kurczewski, Borys"]
[Black "Karnowka, Kacper"]
[Result "1/2-1/2"]
[WhiteTitle "II"]
[BlackTitle "II"]
[WhiteElo "1153"]
[BlackElo "1151"]

1. e4 2. c6 3. d4 4. d5 5. exd5 6. cxd5 7. Bd3 8. Nc6 9. c3 10. Nf6 11. h3 12.
g6 13. Bf4 14. Bg7 15. Nd2 16. O-O 17. Ngf3 18. Re8 19. O-O 20. a6 21. a4 22.
Nh5 23. Bh2 24. Bd7 25. Re1 26. Rc8 27. Qb3 28. Nf6 29. Qxb7 30. Na5 31. Qb4 32.
Bf8 33. Qa3 34. e5 35. b4 36. e4 37. Qb2 38. exd3 39. Rxe8 40. Bxe8 41. bxa5 42.
Qxa5 43. Nb1 44. Qd8 45. Qd2 46. Bd6 47. Bxd6 48. Qxd6 49. Qxd3 50. Ne4 51. Nfd2
52. Nxd2 53. Qxd2 54. Qc6 55. Ra3 56. Qc4 57. Qc2 58. Bd7 59. Nd2 60. Qe2 1/2-1/2

[Event "Druzynowe Mistrzostwa Polski Juniorow - II liga"]
[Site "Sypniewo k. Jastrowia"]
[Date "2023-06-19"]
[Round "6.59"]
[White "Czerwinska, Oliwia"]
[Black "Michalska, Anna-maria"]
[Result "1/2-1/2"]
[WhiteTitle "I"]
[BlackTitle "I"]
[WhiteElo "1431"]
[BlackElo "1382"]

1. e4 2. c6 3. d4 4. d5 5. e5 6. Bf5 7. f4 8. e6 9. Nf3 10. Nd7 11. c3 12. Rc8
13. Be2 14. c5 15. O-O 16. cxd4 17. cxd4 18. Bb4 19. Bd2 20. Bxd2 21. Nbxd2 22.
Ne7 23. Rc1 24. Bg4 25. Qa4 26. Nc6 27. h3 28. Bxf3 29. Nxf3 30. O-O 31. Bb5 32.
Nb6 33. Qd1 34. Qd7 35. Rf2 36. Rc7 37. Rfc2 38. Rfc8 39. a3 40. a6 41. Bd3 42.
Na8 43. Kf1 44. b5 45. Rc5 46. Na5 47. Rxc7 48. Rxc7 49. Rxc7 50. Qxc7 51. b3
52. Qc3 53. Qc2 54. Qxc2 55. Bxc2 56. g6 57. Ke2 58. h5 59. Ne1 60. Nb7 61. Nd3
62. Na5 63. Nc5 64. Nc7 65. g4 66. hxg4 67. hxg4 68. Kf8 69. Ke3 70. Ke7 71. f5
72. gxf5 73. gxf5 74. f6 75. fxe6 76. fxe5 77. dxe5 78. Nc6 79. Kf4 80. Nxe6+
81. Nxe6 82. Kxe6 83. Bf5+ 1/2-1/2